Statistics for German False Friends

Click here to take the quiz!

General Stats

  • This quiz has been taken 62 times
    (55 since last reset)
  • The average score is 28 of 50

Answer Stats

German wordEnglish meaning% Correct
das Handymobile phone
91%
das Gymnasiumgrammar/high/secondary school
89%
helllight, bright
89%
baldsoon
89%
die Hosetrousers
89%
das Tieranimal
87%
der Briefletter
87%
bekommento get, receive
87%
der Seelake
83%
das Giftpoison, venom
83%
die Wandwall
80%
willwant
80%
fastalmost
78%
die Fabrikfactory
78%
der Huthat
74%
tollgreat
72%
die Kraftstrength, power
72%
das Kissencushion, pillow
70%
die Modefashion
70%
das Benzinpetrol
70%
Fotografphotographer
70%
der Rockskirt, kilt
70%
aktuellcurrent, recent, up-to-date
67%
der Brandfire
67%
das Geniegenius
67%
die Artkind, species, nature
67%
der Sinnsense, feeling, mind, meaning
67%
die Billiontrillion
67%
der Romannovel
61%
der Ratadvice, solution, council
59%
sensibelsensitive
48%
die Dosetin, can
48%
der Herdcooker, stove
46%
die Rentepension
43%
bravgood, honest, well-behaved
41%
eventuellpossible, perhaps
39%
der Lohnwage, reward
37%
das Präservativcondom
35%
die Wimpereyelash
28%
die Mappefolder, briefcase, schoolbag
28%
die Kautionbail, deposit
22%
der Smokingdinner jacket, tuxedo
22%
der Oldtimervintage/veteran/classic car
22%
das Warenhausdepartment store
20%
das Etikettlabel
20%
das Stadiumstage, phase
15%
die Listtrick, ruse
15%
pathetischemotional, impassioned, pompous
13%
winkento wave
13%
prägnantconcise
11%

Score Distribution

Percentile by Number Answered

Percent of People with Each Score

Your Score History

You have not taken this quiz since the last reset